000 00207 a2200097 4500
001 14806
100 _aFarooqi
245 _aSafr Nama-i-Iqbal
260 _aKarachi
_bMaktabai Mayar
_c
090 _c11585
_d11585
942 _aNUST-CAE
_cM
_c1764
999 _c249879
_d249879